| 000 | 00825nam a2200253 a 4500 | ||
|---|---|---|---|
| 001 | 000045146 | ||
| 003 | DO-SdBNP | ||
| 005 | 20180402080747.0 | ||
| 007 | 000045146 | ||
| 008 | 150205s2007 dr a 000 0 spa d | ||
| 020 | _z9789945421484 | ||
| 040 |
_aBPMET _bspa _cBPMET |
||
| 100 | 1 |
_aEscalante Suárez, Maura A. _d1970- |
|
| 245 | 1 | 0 |
_aFelices por siempre / _cMaura A. Escalante Suárez ; ilustraciones Manuel Morales Batista. |
| 260 |
_aSanto Domingo : _bFola, _c2007. |
||
| 300 |
_a34 p. : _bil. ; _c20 cm. |
||
| 490 | 1 | _aInfantil y juvenil | |
| 500 | _aIncluye datos biográficos de la autora en la contracubierta | ||
| 700 | 1 |
_aMorales Batista, Manuel _eil. |
|
| 830 | 0 | _aInfantil y juvenil | |
| 942 |
_2ddc _cBK |
||
| 945 | _aRemanejado para la BNPHU / 2018 VM | ||
| 956 |
_aVMATEO _b10 _c20150302 _lBPMUSU _h00151 |
||
| 999 |
_c7535 _d7535 |
||